Normal view MARC view

Entry Topical Term

Number of records used in: 1

001 - CONTROL NUMBER

  • control field: 1011

003 - CONTROL NUMBER IDENTIFIER

  • control field: csc

005 - DATE AND TIME OF LATEST TRANSACTION

  • control field: 20140507162054.0

008 - FIXED-LENGTH DATA ELEMENTS

  • fixed length control field: 130522|| aca||aabn | a|a d

040 ## - CATALOGING SOURCE

  • Original cataloging agency: csc
  • Transcribing agency: csc

150 ## - HEADING--TOPICAL TERM

  • Topical term or geographic name entry element: Law
  • General subdivision: Philosophy.

670 ## - SOURCE DATA FOUND

  • Source citation: Work cat.: (csc)244: Hegel, Georg Wilhelm Friedrich, 1770-1831. 4833, Outlines of the philosophy of right /, 2008.